| 000 | 02582nam a22004217a 4500 | ||
|---|---|---|---|
| 001 | 104419 | ||
| 003 | KnowledgeUnlatched | ||
| 005 | 20210303104757.0 | ||
| 006 | m o d | ||
| 007 | cr u|||||||||| | ||
| 008 | 210129p20202020xx o u00| u eng d | ||
| 037 | _5BiblioBoard | ||
| 245 | 0 | 0 |
_aCrowds _bEthnographic Encounters / _cMegan Steffen. |
| 020 | _a9781000185157 | ||
| 024 | 8 | _ahttps://doi.org/10.4324/9781003085133 | |
| 029 | 1 | _ahttps://library.biblioboard.com/ext/api/media/afdc18b0-e407-424f-96cd-1f39bb572a1d/assets/thumbnail.jpg | |
| 040 |
_aScCtBLL _cScCtBLL |
||
| 506 | 0 |
_aAccess copy available to the general public. _fUnrestricted _2star |
|
| 700 | 1 |
_aSteffen, Megan _eeditor. |
|
| 250 | _a1 ed. | ||
| 264 | 1 | _bRoutledge, | |
| 300 | _a1 online resource (216 p.) | ||
| 490 | 1 | _aBLANTEEAK | |
| 520 | _aWhat exactly is a crowd? How do crowds differ from other large gatherings of people? And how do they transform emotions, politics, or faith? In Crowds, contributors draw on their experiences and expertise to reflect on their encounters with crowds. Each chapter examines a particular crowd or conception of crowdedness to provide an analysis of how, when, where-and with whom-crowds form in different contexts, as well as their purpose and the practical effect the experience has on both the participants and their environment. The wide selection of case studies ranges from the crowds that form every year during the Hajj, to New Year celebrations in China, commuters on the Delhi metro, public prayer in Nigeria, online mobs in Bangladesh, and the crowds that have emerged during protest movements in Thailand and Syria. Crowds makes a key contribution to establishing an anthropological theory of crowds and will be an essential read for both students and researchers. | ||
| 588 | 0 | _aDescription based on print version record. | |
| 590 | _aKU Select 2019: HSS Frontlist Books | ||
| 650 | 7 |
_aSocial Science / Anthropology _2bisacsh |
|
| 650 | 7 |
_aSocial Science / Sociology / Urban _2bisacsh |
|
| 650 | 7 |
_aSocial Science / Research _2bisacsh |
|
| 650 | 0 | _aSocial sciences | |
| 655 | 0 | _aElectronic books. | |
| 758 |
_iIs found in: _aKnowledge Unlatched _1https://openresearchlibrary.org/module/2774bc74-146a-484f-a7ba-ab1d6a09bbfb |
||
| 830 | 0 | _aBLANTEEAK | |
| 856 | 4 | 0 |
_uhttps://openresearchlibrary.org/content/afdc18b0-e407-424f-96cd-1f39bb572a1d _zView this content on Open Research Library. _70 |
| 999 |
_c32604 _d32604 |
||